<?xml version="1.0" encoding="UTF-8"?>
<record
    xmlns:xsi="http://www.w3.org/2001/XMLSchema-instance"
    xsi:schemaLocation="http://www.loc.gov/MARC21/slim http://www.loc.gov/standards/marcxml/schema/MARC21slim.xsd"
    xmlns="http://www.loc.gov/MARC21/slim">

  <leader>02426nam a22002537a 4500</leader>
  <controlfield tag="008">251021b        |||||||| |||| 00| 0 eng d</controlfield>
  <datafield tag="020" ind1=" " ind2=" ">
    <subfield code="a">9791038703094</subfield>
  </datafield>
  <datafield tag="040" ind1=" " ind2=" ">
    <subfield code="c">tbs</subfield>
  </datafield>
  <datafield tag="041" ind1=" " ind2=" ">
    <subfield code="a">fre</subfield>
    <subfield code="h">ice</subfield>
  </datafield>
  <datafield tag="100" ind1=" " ind2=" ">
    <subfield code="a">&#xD3;lafsd&#xF3;ttir, Au&#xF0;ur Ava</subfield>
    <subfield code="d">1958-</subfield>
    <subfield code="9">26252</subfield>
    <subfield code="e">author</subfield>
  </datafield>
  <datafield tag="240" ind1=" " ind2=" ">
    <subfield code="a">Eden.</subfield>
    <subfield code="l">French.</subfield>
  </datafield>
  <datafield tag="245" ind1=" " ind2=" ">
    <subfield code="a">&#xC9;den</subfield>
    <subfield code="c">/ Au&#xF0;ur Ava &#xD3;lafsd&#xF3;ttir ; tranlsated by &#xC9;ric Boury.</subfield>
  </datafield>
  <datafield tag="260" ind1=" " ind2=" ">
    <subfield code="a">Paris :</subfield>
    <subfield code="b">&#xC9;ditions Zulma,</subfield>
    <subfield code="c">2023.</subfield>
  </datafield>
  <datafield tag="300" ind1=" " ind2=" ">
    <subfield code="a">215 pages ; </subfield>
    <subfield code="c">18 cm.</subfield>
  </datafield>
  <datafield tag="520" ind1=" " ind2=" ">
    <subfield code="a">Alba voyage aux quatre coins du monde pour des colloques sur les langues en voie d'extinction. De retour &#xE0; Reykjavik, elle fait le compte : pour compenser son empreinte carbone, il lui faudrait planter 5 600 arbres. Ni une ni deux, elle rep&#xE8;re un terrain de roche, de lave et de sable avec une petite maison. Rien n'est cens&#xE9; pousser l&#xE0; mais Alba y projette d&#xE9;j&#xE0; une colonie de bouleaux. Peu &#xE0; peu, Alba tente d'apprivoiser son jardin d'Eden. Elle s'&#xE9;quipe au rayon bricolage de la boulangerie, pr&#xEA;te l'oreille &#xE0; son voisin qui lutte contre un projet d'usine &#xE0; gla&#xE7;ons, et s'attache &#xE0; un jeune r&#xE9;fugi&#xE9; pr&#xEA;t &#xE0; absorber tout le dictionnaire. Ode au pouvoir infini des mots, Eden explore notre facult&#xE9; &#xE0; d&#xE9;jouer les paradoxes de l'existence, &#xE0; nous r&#xE9;inventer. Un r&#xE9;gal d'humour et d'humanit&#xE9;.</subfield>
  </datafield>
  <datafield tag="520" ind1=" " ind2=" ">
    <subfield code="a">Alba travels to every corner of the world for conferences on endangered languages. Back in Reykjavik, she does the math: to offset her carbon footprint, she would need to plant 5,600 trees. Without hesitation, she finds a plot of rock, lava, and sand with a small house. Nothing is supposed to grow there, yet Alba already envisions a colony of birch trees.

Little by little, she tries to tame her own Garden of Eden. She stocks up on tools from the bakery&#x2019;s hardware section, listens to her neighbor who is fighting against a proposed ice factory, and grows fond of a young refugee eager to absorb every word in the dictionary.

An ode to the infinite power of language, Eden explores our ability to overcome life&#x2019;s paradoxes and reinvent ourselves. A delightful blend of humor and humanity.</subfield>
  </datafield>
  <datafield tag="650" ind1=" " ind2="0">
    <subfield code="a">Human ecology</subfield>
    <subfield code="v">Fiction</subfield>
    <subfield code="9">26254</subfield>
  </datafield>
  <datafield tag="650" ind1=" " ind2="0">
    <subfield code="a">Human Beings</subfield>
    <subfield code="x">Influence on Nature</subfield>
    <subfield code="v">Fiction</subfield>
    <subfield code="9">26255</subfield>
  </datafield>
  <datafield tag="650" ind1=" " ind2="0">
    <subfield code="a">Choice (Psychology)</subfield>
    <subfield code="v">Fiction</subfield>
    <subfield code="9">26256</subfield>
  </datafield>
  <datafield tag="650" ind1=" " ind2="0">
    <subfield code="a">Change (Psychology)</subfield>
    <subfield code="v">Fiction</subfield>
    <subfield code="9">26257</subfield>
  </datafield>
  <datafield tag="650" ind1=" " ind2="0">
    <subfield code="a">Rural life</subfield>
    <subfield code="z">Iceland</subfield>
    <subfield code="v">Fiction</subfield>
    <subfield code="9">26258</subfield>
  </datafield>
  <datafield tag="700" ind1=" " ind2=" ">
    <subfield code="a">Boury, &#xC9;ric</subfield>
    <subfield code="9">26259</subfield>
    <subfield code="e">translator</subfield>
  </datafield>
  <datafield tag="942" ind1=" " ind2=" ">
    <subfield code="2">lcc</subfield>
  </datafield>
  <datafield tag="952" ind1=" " ind2=" ">
    <subfield code="0">0</subfield>
    <subfield code="1">0</subfield>
    <subfield code="2">lcc</subfield>
    <subfield code="4">0</subfield>
    <subfield code="7">0</subfield>
    <subfield code="a">TBS</subfield>
    <subfield code="b">TBS</subfield>
    <subfield code="d">2025-10-21</subfield>
    <subfield code="l">0</subfield>
    <subfield code="o">P-FR OLA</subfield>
    <subfield code="p">B07720</subfield>
    <subfield code="r">2025-10-21</subfield>
    <subfield code="t">1</subfield>
    <subfield code="w">2025-10-21</subfield>
    <subfield code="y">1</subfield>
  </datafield>
  <datafield tag="999" ind1=" " ind2=" ">
    <subfield code="c">5075</subfield>
    <subfield code="d">5075</subfield>
  </datafield>
</record>
